000 00698nam a2200217 a 4500
999 _c7857
_d7857
001 7857
003 BD-JhCC
005 20180219110640.0
008 171017s2012 bg |||| ||a| 00| 0 ben d
020 _a9789843332861
035 _a(BD-JhCC)7857
040 _aBD-JhCC
_dBD-JhCC
041 _aben
082 _a001
_bHOS 2012
100 _aHossain, Md Shahnewaz
245 _aMP3 সাধারণ জ্ঞান ২য় খন্ড (আন্তর্জাতিক) /
_cড. মো. শাহনেওয়াজ
260 _aঢাকা :
_bএমপি ৩ পাবলিকেশন,
_c২০১২
300 _a523 p. :
_c22 cm.
650 _aGeneral Knowledge
942 _2ddc
_cBK